Estatísticas para Quiz do Sudão do Sul

Clique aqui para jogar o quiz

Estatísticas Gerais

  • Esse quiz foi jogado 268 vezes
  • A pontuação média é 11 de 17

Estatísticas das Respostas

DicaResposta% Correto
Países fazendo fronteira com o Sudão do SulSudão
91%
Potência colonial que colonizou o Sudão do Sul 1899-1956Reino Unido
84%
Países fazendo fronteira com o Sudão do SulEtiópia
82%
Língua oficialInglês
81%
Países fazendo fronteira com o Sudão do SulR. Centro-Africana
80%
Países fazendo fronteira com o Sudão do SulR. D. do Congo
78%
Países fazendo fronteira com o Sudão do SulUganda
78%
Ano que o Sudão do Sul ganhou sua independência2011
77%
CapitalJuba
75%
Países fazendo fronteira com o Sudão do SulQuênia
74%
A "língua franca" do Sudão do SulÁrabe
71%
Rio na qual o acima estáNilo {Branco}
60%
As receitas desta indústria constituem 98% da renda do governoPetróleo
55%
Moeda oficialLibra
38%
Sul-sudanês que foi o segundo jogador mais alto da NBAManute Bol
34%
Grupo étnico que corresponde por volta de 15% da população sul-sudanesaDincas
25%
Pântanos que impediram os primeiros esforços para encontrar a nascente do rio acimaSudd
24%

Distribuição das Pontuações

Percentil de Números Respondidos

Porcentagem de Pessoas com Cada Pontuação

Sua Pontuação Histórica

Você não jogou esse quiz